[Event "IND-ch (Women)"]
[Site "Khomikodze"]
[Date "1998.??.??"]
[Round "?"]
[White "Meenakshi, Subbaraman"]
[Black "Radha, SR."]
[Result "1-0"]
[WhiteElo "2090"]
[BlackElo "2060"]
[PlyCount "153"]
[EventDate "1998.??.??"]
[EventType "swiss"]
[EventRounds "7"]
[EventCountry "IND"]
[SourceTitle "EXT 2003"]
[Source "ChessBase"]
[SourceDate "2002.11.25"]
[SourceVersion "1"]
[SourceVersionDate "2002.11.25"]
[SourceQuality "1"]

1. d4 f5 2. c4 Nf6 3. Nf3 g6 4. g3 Bg7 5. Bg2 0-0 6. 0-0 e6 7. d5 Na6 8. Nc3 Nc5 9. Be3 Nfe4 10. Nxe4 Nxe4 11. Bd4 c5 12. Bxg7 Kxg7 13. Ne5 d6 14. Nd3 e5 15. f4 exf4 16. Nxf4 Qe7 17. Qd3 Re8 18. Rab1 a5 19. a3 Qe5 20. Rfe1 Nf6 21. e3 Ne4 22. b4 axb4 23. axb4 Ra2 24. bxc5 Nxc5 25. Qd4 Ra4 26. Bf1 Ra3 27. Qxe5+ Rxe5 28. Rb6 Ra6 29. Rxa6 Nxa6 30. Kf2 Nc5 31. Nd3 Nxd3+ 32. Bxd3 Kf8 33. Ke2 Ke8 34. Kd2 Kd8 35. Kc3 Kc7 36. Kd4 b6 37. Rf1 Re7 38. h3 Bd7 39. Ra1 Kb7 40. h4 Rg7 41. Rf1 Re7 42. h5 Kc7 43. hxg6 hxg6 44. Rh1 Be8 45. Rh8 Kd7 46. Bc2 Kc7 47. Rg8 Re5 48. Rf8 Re7 49. e4 fxe4 50. Bxe4 Re5 51. Bc2 g5 52. Bf5 Re1 53. g4 b5 54. Be6 Rd1+ 55. Kc3 Rc1+ 56. Kb2 Rxc4 57. Rxe8 Kb6 58. Rd8 Kc5 59. Rg8 Rb4+ 60. Kc3 Rc4+ 61. Kd3 Rd4+ 62. Ke3 Rc4 63. Rxg5 b4 64. Rh5 b3 65. Rh1 Kb4 66. g5 b2 67. Rb1 Ka3 68. g6 Rc7 69. Kf4 Ka2 70. Rxb2+ Kxb2 71. Kf5 Kc3 72. Kf6 Kd4 73. g7 Rxg7 74. Kxg7 Ke5 75. Kf7 Kd4 76. Kf6 Kc5 77. Kf5 1-0

[Event "Kolkata op2"]
[Site "Kolkata"]
[Date "1994.??.??"]
[Round "?"]
[White "Thipsay, Bagyashree Sathe"]
[Black "Radha, SR."]
[Result "1-0"]
[WhiteElo "2205"]
[BlackElo "2020"]
[PlyCount "47"]
[EventDate "1994.??.??"]
[EventType "swiss"]
[EventRounds "11"]
[EventCountry "IND"]
[SourceTitle "EXT 1997"]
[Source "ChessBase"]
[SourceDate "1996.11.15"]
[SourceVersion "1"]
[SourceVersionDate "1996.11.15"]
[SourceQuality "1"]

1. e4 e5 2. Nf3 Nf6 3. d4 Nxe4 4. Bd3 d5 5. Nxe5 Nd7 6. Nc3 Bb4 7. 0-0 Nxe5 8. dxe5 Nxc3 9. bxc3 Bxc3 10. Rb1 0-0 11. Bxh7+ Kxh7 12. Qd3+ g6 13. Qxc3 Rh8 14. Qg3 Kg8 15. Bg5 Qd7 16. Bf6 Rh7 17. Rfd1 c5 18. Qf3 d4 19. c3 Qa4 20. cxd4 Bf5 21. Qxb7 Re8 22. Qb5 Qxb5 23. Rxb5 c4 24. Rc1 1-0